| 000 | 00000nam 2200000za 4500 |
| 001 | 9.810691 |
| 003 | CaOODSP |
| 005 | 20221107140922 |
| 007 | cr ||||||||||| |
| 008 | 160211s2016 xxc|||||o f000 0 eng d |
| 020 | |a978-0-660-04528-3 |
| 040 | |aCaOODSP|beng |
| 043 | |an-cn--- |
| 086 | 1 |aA118-10/18-2013E-PDF |
| 245 | 00|aCrop profile for raspberry in Canada, 2013 |h[electronic resource] / |cprepared by Pesticide Risk Reduction Program, Pest Management Center, Agriculture and Agri-Food Canada. |
| 250 | |aSecond Edition – 2016. |
| 260 | |aOttawa : |bAgriculture and Agri-Food Canada, |cc2016. |
| 300 | |a63 p. : |btables, map. |
| 500 | |aIssued also in French under title: Profil de la culture de la framboise au Canada, 2013. |
| 504 | |aIncludes bibliographical references. |
| 692 | 07|2gccst|aFruit crops |
| 710 | 1 |aCanada.|bAgriculture and Agri-Food Canada. |bPest Management Centre. |
| 775 | 08|tProfil de la culture de la framboise au Canada, 2013 |w(CaOODSP)9.810693 |
| 794 | |tCrop profile for raspberry in Canada, 2016 / |w(CaOODSP)9.867461 |
| 856 | 40|qPDF|s1.16 MB|uhttps://publications.gc.ca/collections/collection_2016/aac-aafc/A118-10-18-2013-eng.pdf |
| 986 | |aAAFC No.: 12483E |